[Event "Open"]
[Site "Vienna AUT"]
[Date "2003.08.18"]
[Round "3"]
[White "Schneider Zinner,H"]
[Black "Ernst,S"]
[Result "1/2-1/2"]
[WhiteElo "2303"]
[BlackElo "2468"]

1.d4 Nf6 2.c4 g6 3.Nc3 Bg7 4.e4 d6 5.Nf3 O-O 6.Be2 Na6 7.O-O e5 8.Be3 Ng4
9.Bg5 Qe8 10.dxe5 dxe5 11.h3 h6 12.Bd2 Nf6 13.Be3 Qe7 14.Nd5 Qd8 15.Qc2 c6
16.Nxf6+ Qxf6 17.Rad1 Qe7 18.c5 Nc7 19.b4 a5 20.a3 Be6 21.Rb1 Nb5 22.Bxb5 cxb5
23.a4 axb4 24.Rxb4 bxa4 25.Rxa4 Rxa4 26.Qxa4 Bd7 27.Qc2 Bc6 28.Nd2 f5 29.f3 f4
30.Bf2 Ra8 31.Nc4 Qe6 32.Rb1 Bf8 33.Qc3 Ra4 34.Nb6 Ra2 35.Qc4 Kf7 36.Nd5 Ra5
37.Qc3 Ra4 38.Rd1 Bg7 39.Nb6 Ra6 40.Nc4 Ra4 41.Nd6+ Kg8 42.Rb1 Qa2 43.Qb3+ Qxb3
44.Rxb3 Ra1+ 45.Kh2 Rf1 46.Rb2 Bf8 47.Nc4 Bg7 48.g3 Ra1 49.Nd6 Ra7 50.Nc8 Ra8
51.Ne7+ Kf7 52.Nxc6 bxc6 53.Rb7+ Kf8 54.Rc7 Ra6 55.h4 Bf6 56.Kg2 h5 57.Rb7 Ra2
58.Rb6 fxg3 59.Kxg3 Bxh4+ 60.Kxh4 Rxf2 61.Rxc6 Kg7 62.Kg3 Rc2 63.Rc8 Kh7
64.c6 Kh6 65.Re8  1/2-1/2

[Event "9th Open"]
[Site "Pilsen-Lobzy CZE"]
[Date "2003.08.20"]
[Round "5"]
[White "Beneteau,H"]
[Black "Hrbolka,L sr"]
[Result "0-1"]
[WhiteElo "2109"]
[BlackElo "2174"]

1.d4 Nf6 2.c4 g6 3.Nc3 Bg7 4.e4 O-O 5.Be2 d6 6.Nf3 Na6 7.O-O e5 8.Be3 Ng4
9.Bg5 Qe8 10.h3 h6 11.Bc1 Nf6 12.dxe5 dxe5 13.Nd5 Nxe4 14.b4 c6 15.b5 cxd5
16.bxa6 Nc3 17.Qc2 e4  0-1

[Event "Independence Cup"]
[Site "Kyiv UKR"]
[Date "2003.08.21"]
[Round "9"]
[White "Papenin,N"]
[Black "Levin,Ev"]
[Result "1/2-1/2"]
[WhiteElo "2415"]
[BlackElo "2158"]

1.d4 Nf6 2.c4 g6 3.Nc3 Bg7 4.e4 d6 5.Nf3 O-O 6.Be2 e5 7.Be3 Na6 8.O-O Ng4
9.Bg5 Qe8 10.h3 f6 11.Bc1 Nh6 12.Re1 Nf7 13.Rb1 c6 14.b4 exd4 15.Nxd4 Bd7
16.a3 Qe7 17.Bb2 Ng5 18.Bg4 Rae8 19.f4 Bxg4 20.Qxg4 Nf7 21.Kh2 Nc7 22.Rbd1 Nh6
23.Qe2 Nf7 24.Qf2 Ra8 25.b5 Qe8 26.Qc2 Ne6 27.Nce2 Nc5 28.Ng3 a6 29.bxc6 bxc6
30.h4 Qc8 31.Qe2 Re8 32.Qf3 Rb8 33.Ba1 Nh6 34.h5 Qg4 35.Kg1 Qh4 36.hxg6 hxg6
37.Bc3 Rf8 38.Nf1 Qg4 39.Nh2 Qxf3 40.gxf3 f5 41.Ne2  1/2-1/2

[Event "Independence Cup"]
[Site "Kyiv UKR"]
[Date "2003.08.21"]
[Round "9"]
[White "Zarubin,P"]
[Black "Shianovsky,V"]
[Result "1-0"]
[WhiteElo "2442"]
[BlackElo "2281"]

1.d4 Nf6 2.Nf3 g6 3.c4 Bg7 4.Nc3 O-O 5.e4 d6 6.Be2 e5 7.O-O Nbd7 8.Qc2 exd4
9.Nxd4 Nc5 10.Rd1 Re8 11.f3 c6 12.Be3 Qe7 13.Bf1 a5 14.Qd2 Nfd7 15.Re1 a4
16.Rad1 Ne5 17.Kh1 Bf6 18.Nc2 Bh4 19.Bf2 Be6 20.Bxh4 Qxh4 21.Qxd6 Ncd7 22.Qd4 Rad8
23.b3 axb3 24.axb3 Qg5 25.Qf2 h5 26.Rd2 Qf6 27.Red1 Nf8 28.Rxd8 Rxd8 29.Rxd8 Qxd8
30.Qe3 g5 31.g3 Qf6 32.Be2 Nfg6 33.Kg1 h4 34.Nd1 c5 35.Nc3 Nc6 36.Nd5 Qb2
37.Qc3 Qc1+ 38.Ne1 Nd4 39.Kf2 Qxc3 40.Nxc3 Nxb3 41.Nc2 hxg3+ 42.hxg3 f5 43.exf5 Bxf5
44.Ne3 Be6 45.Ne4 Ne5 46.Nxg5 Bd7 47.f4 Nc6 48.Ne4 Kg7 49.Nd6 Nba5 50.Bf3 Kf8
51.Bd5 Ke7 52.Ndf5+ Kf6 53.g4 Bxf5 54.Nxf5 Nb4 55.Nd6 Nxd5 56.cxd5 b6 57.Ke3 Nb3
58.g5+ Kg6 59.Nb5 c4 60.d6 Nc5 61.Kd4 Ne6+ 62.Ke5 Nc5 63.Kd5 Kf5 64.Kc6 Ne6
65.d7  1-0

[Event "It"]
[Site "Los Angeles USA"]
[Date "2003.08.21"]
[Round "4"]
[White "Ambarcumjan,A"]
[Black "Matikozian,A"]
[Result "1/2-1/2"]
[WhiteElo "2424"]
[BlackElo "2430"]

1.d4 Nf6 2.c4 g6 3.Nc3 Bg7 4.Nf3 O-O 5.e4 d6 6.Be2 e5 7.O-O exd4 8.Nxd4 Re8
9.f3 Nc6 10.Be3 Nh5 11.Qd2 f5 12.Rad1 Nf4 13.Rfe1 Nxe2+ 14.Rxe2 fxe4 15.Nxc6 bxc6
16.Bg5 Qd7 17.Nxe4 Re6 18.Qf4 Be5 19.Qh4 Qg7 20.b3 Bd7 21.Red2 Qf7 22.Bd8 Qf4
23.Qxf4 Bxf4 24.Bxc7 Bxd2 25.Rxd2 d5 26.Nc5 Re7 27.Bd6 Rf7 28.cxd5 cxd5 29.Rxd5 Bc6
30.Rd4 Rf5 31.Kf2 Rd5 32.Rxd5 Bxd5 33.Be5 g5 34.h3 Kf7 35.Bd4 Rc8 36.Ke3 Kg6
37.a3 Re8+ 38.Kd2 Kf5 39.Be3 h6 40.b4 Re7  1/2-1/2

[Event "XI Open A"]
[Site "Mislata ESP"]
[Date "2003.08.21"]
[Round "3"]
[White "Camarena Gimenez,R"]
[Black "Llorente Zaro,A"]
[Result "1/2-1/2"]
[WhiteElo "2368"]
[BlackElo "2245"]

1.d4 Nf6 2.c4 g6 3.Nc3 Bg7 4.e4 d6 5.Be2 O-O 6.Nf3 e5 7.d5 a5 8.Bg5 h6 9.Bh4 Qe8
10.Nd2 Nh7 11.a3 Bd7 12.b4 h5 13.h3 axb4 14.axb4 Na6 15.Rb1 Bh6 16.O-O Qc8
17.Re1 f6 18.Rb3 Bf4 19.Nf1 Rf7 20.Bg3 Bxg3 21.Nxg3 h4 22.Nf1 Ng5 23.Nh2 f5
24.Qd2 Qd8 25.Bd1 Kg7 26.exf5 Bxf5 27.Bg4 Qf6 28.Bxf5 Qxf5 29.Ng4 Qf4 30.Qe2 Raf8
31.Nb5 Nh7 32.Nc3 Ng5  1/2-1/2

[Event "Open"]
[Site "Porto San Giorgo ITA"]
[Date "2003.08.21"]
[Round "1"]
[White "Horvath,P1"]
[Black "Ventura,G"]
[Result "1-0"]
[WhiteElo "2463"]
[BlackElo "2035"]

1.d4 Nf6 2.c4 g6 3.Nc3 Bg7 4.e4 d6 5.Nf3 O-O 6.Be2 e5 7.d5 a5 8.Bg5 h6 9.Bh4 Na6
10.Nd2 Qe8 11.O-O Nh7 12.b3 f5 13.exf5 gxf5 14.Rc1 Ng5 15.Bh5 Qe7 16.Kh1 Bf6
17.f4 exf4 18.Ne2 Bb2 19.Rb1 Qg7 20.Nxf4 Bd7 21.Nd3 Bd4 22.Qe2 Rae8 23.Bxe8 Rxe8
24.Qd1 Re3 25.Nf3 Bc3 26.Bf2 Re8 27.Nf4 Ne4 28.Bd4 Qg4 29.Ne2 Bb4 30.Qc1 Kh7
31.Qf4 Rg8 32.Qxg4 fxg4 33.Nh4 Be8 34.Rf4 Nd2  1-0

[Event "ch-FRA"]
[Site "Aix les Bains FRA"]
[Date "2003.08.22"]
[Round "5"]
[White "Dorfman,J"]
[Black "Apicella,M"]
[Result "1-0"]
[WhiteElo "2607"]
[BlackElo "2522"]

1.Nf3 Nf6 2.c4 g6 3.d4 Bg7 4.Nc3 O-O 5.e4 d6 6.Be2 e5 7.O-O Na6 8.Be3 Ng4
9.Bg5 Qe8 10.dxe5 dxe5 11.h3 f6 12.Bd2 Nh6 13.c5 c6 14.Bxa6 bxa6 15.Qa4 Nf7
16.Rad1 Rb8 17.b3 Kh8 18.Bc1 Rg8 19.Nd2 Bf8 20.Ba3 g5 21.f3 h5 22.g4 Kg7
23.Nc4 Rh8 24.Ne3 Be7 25.Nf5+ Bxf5 26.exf5 Rh6 27.Kg2 Qc8 28.Ne4 hxg4 29.fxg4 Qb7
30.Rf3 Rhh8 31.Rfd3 Rbd8 32.Qc4 Rxd3 33.Rxd3 Rd8 34.Bc1 Qb5 35.Qxb5 axb5
36.Rxd8 Nxd8 37.Kg3 Nf7 38.Bd2 Bd8 39.h4 gxh4+ 40.Kxh4 Kh7 41.Kh5 Kg7 42.Be3 Be7
43.Bc1 Bd8 44.Bd2 Kh7 45.g5 fxg5 46.f6 g4 47.Be1 Bc7 48.Bg3 Bd8 49.a3 a6
50.b4 a5 51.Bh4 axb4 52.axb4 Bc7 53.Ng5+ Nxg5 54.Kxg5 e4 55.Kf5 g3 56.f7 g2
57.Bf2 Kg7 58.Ke6 Bd8 59.Bd4+ Kf8 60.Be5 g1=Q 61.Bd6+ Kg7 62.f8=Q+ Kh7 63.Qxd8 Qg4+
64.Ke5 Qh5+ 65.Kxe4 Qd5+ 66.Kf4 Qd4+ 67.Kf5 Qd5+ 68.Kf6 Qd4+ 69.Ke7 Qxb4
70.Kd7 Qe4 71.Qe7+ Qxe7+ 72.Bxe7 Kg6 73.Ke6  1-0

[Event "XI Open A"]
[Site "Mislata ESP"]
[Date "2003.08.24"]
[Round "5"]
[White "Camarena Gimenez,R"]
[Black "Hernandez,Gi"]
[Result "1-0"]
[WhiteElo "2368"]
[BlackElo "2556"]

1.d4 Nf6 2.c4 g6 3.Nc3 Bg7 4.e4 d6 5.Nf3 O-O 6.Be2 e5 7.dxe5 dxe5 8.Qxd8 Rxd8
9.Bg5 Re8 10.O-O-O Na6 11.Nxe5 c6 12.Rd6 Nh5 13.Nd3 Bxc3 14.bxc3 Rxe4 15.Rd8+ Kg7
16.Bxh5 gxh5 17.Be3 Nc7 18.Re1 Bf5 19.Rxa8 Nxa8 20.Kd2 Rxc4 21.Bd4+ Kf8 22.Nb2 Rxd4+
23.cxd4 Be6 24.Re5 h4 25.h3 Nb6 26.a3 Kg7 27.Rh5 f5 28.Rxh4 Bd5 29.g4 f4
30.g5  1-0

[Event "14th Sommerpokal"]
[Site "Recklinghausen GER"]
[Date "2003.08.24"]
[Round "7"]
[White "Tomic,Bo"]
[Black "Halasz,T"]
[Result "1/2-1/2"]
[WhiteElo "2259"]
[BlackElo "2386"]

1.c4 Nf6 2.Nc3 g6 3.d4 d6 4.e4 Bg7 5.Nf3 O-O 6.Be2 e5 7.O-O exd4 8.Nxd4 Re8
9.f3 c6 10.Nc2 Be6 11.Be3 d5 12.e5 Nfd7 13.f4 Nb6 14.c5 N6d7 15.Rc1 f6  1/2-1/2

[Event "Open"]
[Site "Vienna AUT"]
[Date "2003.08.24"]
[Round "9"]
[White "Albadri,A"]
[Black "Locatin,M"]
[Result "1/2-1/2"]
[WhiteElo "2168"]
[BlackElo "2010"]

1.d4 Nf6 2.c4 d6 3.Nf3 g6 4.Nc3 Bg7 5.e4 O-O 6.Be2 Nbd7 7.O-O e5 8.d5 Nc5
9.Qc2 a5 10.Be3 Re8 11.Bxc5 dxc5 12.Rfd1 Bf8 13.Ne1 Nd7 14.Nb5 Ra6 15.h3 Bd6
16.a3 Qe7 17.Rac1 Nf8 18.b4 axb4 19.axb4 b6 20.Nd3 f5 21.bxc5 bxc5 22.f3 Qg5
23.Nf2 Bd7 24.Qd2 Qxd2 25.Rxd2 Rea8 26.Rb2 Ra1 27.Rcb1 Kf7 28.Nd1 Rxb1 29.Rxb1 Bxb5
30.Rxb5 Nd7 31.Rb7 Ra3 32.Kf2 Ke7 33.Ke1 Nf6  1/2-1/2

[Event "Open"]
[Site "Vienna AUT"]
[Date "2003.08.24"]
[Round "9"]
[White "Gruszka,H"]
[Black "Grabner,J"]
[Result "1/2-1/2"]
[WhiteElo "2110"]
[BlackElo "2040"]

1.d4 Nf6 2.c4 g6 3.Nc3 Bg7 4.e4 d6 5.Nf3 O-O 6.Be2 e5 7.d5 a5 8.O-O Na6 9.a3 Bd7
10.h3 Nc5 11.Qc2 a4 12.Be3 b6 13.Nd2 h6 14.b4 axb3 15.Nxb3 Ne8 16.Nxc5 dxc5
17.f4 Qh4 18.Bf2 Qe7 19.Bg3 f5 20.fxe5 Bxe5 21.Bxe5 Qxe5 22.Bd3 Nd6 23.Kh1 f4
24.Rf3 Rf7 25.a4 g5 26.Raf1 h5 27.g3 Raf8 28.gxf4 Rxf4 29.Rxf4 Rxf4 30.Rxf4 Qxf4
31.Kg2 Qh4 32.Kf1 Qxh3+ 33.Ke1 Qh1+ 34.Kd2 Qg2+ 35.Ne2 Bg4 36.e5 Ne4+ 37.Kc1 Qf1+
38.Kb2 Bxe2 39.Bxe2 Qf5 40.e6 Qe5+ 41.Kb3 Qg3+ 42.Kb2 Qe5+ 43.Kb3 g4 44.Bd3 Qg3
45.Qe2 Nd6 46.e7 Kg7 47.Kc2 Ne8 48.Qe4 Qf2+ 49.Kb3 Qf7 50.Qe5+ Kg8 51.Bf5 Qf6
52.Be6+ Kg7 53.Qxh5 Qf3+ 54.Kc2 Qe2+ 55.Kc3 Qe3+ 56.Kc2 Qe2+ 57.Kc3 Qe3+  1/2-1/2

[Event "15th Vidmar mem"]
[Site "Terme Zrece SLO"]
[Date "2003.08.26"]
[Round "9"]
[White "Halkias,S"]
[Black "Lenic,L"]
[Result "1-0"]
[WhiteElo "2560"]
[BlackElo "2386"]

1.d4 Nf6 2.c4 g6 3.Nc3 Bg7 4.e4 d6 5.Nf3 O-O 6.Be2 e5 7.Be3 Ng4 8.Bg5 f6
9.Bh4 Nc6 10.d5 Ne7 11.Nd2 f5 12.O-O Bf6 13.Bxg4 Bxh4 14.Bh3 Bg5 15.b4 a5
16.bxa5 Rxa5 17.Nb3 Ra6 18.c5 Kg7 19.a4 Bd7 20.Qe2 Ra8 21.a5 Ng8 22.Rfb1 Nf6
23.exf5 gxf5 24.Nd2 Nh5 25.g3 Bxd2 26.Qxd2 Rb8 27.c6 bxc6 28.Rxb8 Qxb8 29.dxc6 Bxc6
30.Qg5+ Kh8 31.Qxh5 Qb2 32.Rb1 Qc2 33.Qh6 Kg8 34.Qg5+ Kh8 35.Rc1 Qb2 36.Nd1 Qb5
37.Ne3 Rf7 38.Nxf5  1-0

[Event "ch-FRA"]
[Site "Aix les Bains FRA"]
[Date "2003.08.27"]
[Round "9"]
[White "Dorfman,J"]
[Black "Chabanon,JL"]
[Result "1-0"]
[WhiteElo "2607"]
[BlackElo "2498"]

1.d4 Nf6 2.c4 g6 3.Nc3 Bg7 4.e4 d6 5.Nf3 O-O 6.Be2 e5 7.O-O Na6 8.Rb1 c6
9.d5 c5 10.Ne1 Ne8 11.a3 f5 12.Nd3 Nf6 13.f3 f4 14.b4 Nd7 15.Nb5 Qe7 16.Bd2 g5
17.g4 fxg3 18.hxg3 h5 19.Kg2 Nb6 20.bxc5 dxc5 21.Nf2 g4 22.fxg4 h4 23.gxh4 Qxh4
24.Nd6 Bh6 25.Nf5 Bxf5 26.exf5 Bf4 27.Rh1 Qg3+ 28.Kf1 Qxa3 29.Rb3 Qa2 30.Bxf4 exf4
31.Rbh3 Nxc4 32.Bxc4 Qxc4+ 33.Qd3 Qxd3+ 34.Nxd3 Kf7 35.Rh7+ Ke8 36.d6 Kd8
37.Nxf4 Kc8 38.Ne6  1-0

[Event "XI Open A"]
[Site "Mislata ESP"]
[Date "2003.08.27"]
[Round "8"]
[White "Sanchez Guirado,F"]
[Black "Arizmendi Martinez,J"]
[Result "1/2-1/2"]
[WhiteElo "2383"]
[BlackElo "2521"]

1.d4 Nf6 2.Nf3 g6 3.c4 Bg7 4.Nc3 d6 5.e4 O-O 6.Be2 Na6 7.O-O e5 8.Be3 Ng4
9.Bg5 Qe8 10.dxe5 dxe5 11.h3 f6 12.Bd2 Nh6 13.c5 c6 14.Be3 Nf7 15.Qa4 Nc7
16.b4 f5 17.Rad1 f4 18.Bc1 Ne6 19.Nb1 Nd4 20.Nxd4 exd4 21.Qb3 Be6 22.Bc4 Bxc4
23.Qxc4 f3 24.gxf3 Kh8 25.Bf4 Ne5 26.Bxe5 Qxe5 27.Rd3 Rf4 28.Re1 Raf8 29.Nd2 h6
30.Kf1 Kh7 31.Ke2 Rh4 32.Nb3 Qh5 33.Qe6 Rxh3 34.Nd2 Rh2 35.Qe7 Qh4 36.Qxh4 Rxh4
37.Nb3 Rhf4 38.Nxd4  1/2-1/2

[Event "Acropolis Open"]
[Site "Athens GRE"]
[Date "2003.08.28"]
[Round "4"]
[White "Gershon,A"]
[Black "Dochev,D"]
[Result "1/2-1/2"]
[WhiteElo "2510"]
[BlackElo "2380"]

1.d4 Nf6 2.c4 g6 3.Nc3 Bg7 4.e4 d6 5.Nf3 O-O 6.Be2 e5 7.Be3 c6 8.d5 Ng4 9.Bg5 f6
10.Bh4 h5 11.Nd2 c5 12.a3 Na6 13.O-O Nh6 14.f3 Nf7 15.Nb3 Bh6 16.Nc1 Bg5
17.Bf2 f5 18.exf5 gxf5 19.g4 fxg4 20.fxg4 Nh6 21.Qd3 Rf7 22.Qg6+ Rg7 23.Qxh5 Nxg4
24.Bg3 Nf6 25.Qf3 Bh3 26.Nd3 Bxf1 27.Rxf1 Qe7 28.Ne4 Nxe4 29.Qxe4 Bh4 30.Bg4 Nc7
31.Rf3 Bxg3 32.hxg3 Rf8 33.Bf5 Qg5 34.Bh7+ Rxh7  1/2-1/2

[Event "European GP"]
[Site "Izmir TUR"]
[Date "2003.08.28"]
[Round "4"]
[White "Erdogan,H"]
[Black "Spasov,V"]
[Result "0-1"]
[WhiteElo "2234"]
[BlackElo "2556"]

1.d4 Nf6 2.c4 g6 3.Nc3 Bg7 4.e4 d6 5.Nf3 O-O 6.Be2 e5 7.dxe5 dxe5 8.Qxd8 Rxd8
9.Bg5 Nbd7 10.O-O-O Rf8 11.Rhe1 Nc5 12.Nd2 Ne6 13.Be3 c5 14.Nb3 b6 15.f3 Nd4
16.Bf1 Bb7 17.Nd5 Nd7 18.Kb1 h5 19.Nd2 Rae8 20.Nc7 Rd8 21.Nb5 a6 22.Nc7 Kh7
23.g3 Nxf3 24.Nxf3 Bxe4+ 25.Rd3 Bxf3 26.Bg5 e4 27.Rxf3 exf3 28.Bxd8 Rxd8
29.Rd1 Bd4 30.Nxa6 Nf6 31.b4 Ng4 32.Rd2 Re8  0-1

[Event "XI Open A"]
[Site "Mislata ESP"]
[Date "2003.08.28"]
[Round "9"]
[White "Bellon Lopez,JuM"]
[Black "Cramling,P"]
[Result "1/2-1/2"]
[WhiteElo "2423"]
[BlackElo "2488"]

1.c4 g6 2.d4 Bg7 3.Nc3 Nf6 4.e4 d6 5.Nf3 O-O 6.Be2 e5 7.dxe5 dxe5 8.Qxd8 Rxd8
9.Bg5 Re8 10.Nd5 Nxd5 11.cxd5 c6 12.Bc4 cxd5 13.Bxd5 Na6 14.O-O Nb4 15.Bb3 Nc6
16.Bd5 Nb4 17.Bb3  1/2-1/2

[Event "XI Open A"]
[Site "Mislata ESP"]
[Date "2003.08.28"]
[Round "9"]
[White "Camarena Gimenez,R"]
[Black "Vassallo,M"]
[Result "1/2-1/2"]
[WhiteElo "2368"]
[BlackElo "2396"]

1.d4 Nf6 2.c4 g6 3.Nc3 Bg7 4.e4 d6 5.Be2 O-O 6.Nf3 Na6 7.O-O e5 8.Be3 Ng4
9.Bg5 Qe8 10.dxe5 dxe5 11.h3 f6 12.Bd2 Nh6 13.a3 c6 14.b4 Nf7 15.Re1 Qe7
16.Qc2 Nc7 17.Rad1 Ne6 18.Be3 Bh6 19.Bxh6 Nxh6 20.c5 Nf7 21.Bc4 Kg7 22.Rd2 Rd8
23.Red1 Rxd2 24.Qxd2 Nf4 25.Ne2 Be6 26.Bxe6 Nxe6 27.Qd7 Kf8 28.Kf1 a5 29.Ke1 axb4
30.axb4 Qxd7 31.Rxd7 Ra7 32.h4 Ke8 33.Rd2 Ke7 34.Rb2 Ra1+ 35.Kd2 Nfd8 36.g3 Nc7
37.Nc3 Nde6 38.Ra2 Rf1 39.Ke2 Rc1 40.Kd2 Rf1  1/2-1/2

[Event "Acropolis Open"]
[Site "Athens GRE"]
[Date "2003.08.30"]
[Round "6"]
[White "Simeonidis,I"]
[Black "Koukoufikis,A"]
[Result "0-1"]
[WhiteElo "2283"]
[BlackElo "2158"]

1.d4 d6 2.Nf3 g6 3.c4 Bg7 4.Nc3 Nf6 5.e4 O-O 6.Be2 e5 7.Be3 c6 8.d5 c5 9.Nd2 Ne8
10.g4 g5 11.Rb1 Nd7 12.b4 b6 13.bxc5 Nxc5 14.Nb3 f6 15.Nxc5 dxc5 16.a4 Nd6
17.a5 Bd7 18.axb6 axb6 19.O-O Ra6 20.Ra1 Qa8 21.Rxa6 Qxa6 22.Qb3 Ra8 23.Rb1 Nc8
24.Bc1 Bf8 25.Kf1 Ba4 26.Qa3 Bd7 27.Qb2 Be7 28.f3 Bd8 29.Ke1 Nd6 30.Qb3 Ba4
31.Qa2 Kf7 32.Ra1 Qa5 33.Qd2 Qb4 34.Nxa4 Rxa4 35.Qxb4 Rxb4 36.Bd2 Rb2 37.Kd1 b5
38.Ra7+ Ke8 39.Kc1 Rb3 40.cxb5 Nxb5 41.Bxb5+ Rxb5 42.Kc2 Be7 43.Bc3 h6 44.Kd3 Rb1
45.Kc4 Rc1 46.Ra3 Rc2 47.h3 Kf7 48.Ra7 Ke8 49.Rb7 Bd6 50.Kd3 Rf2 51.Ke3 Ra2
52.Rh7 c4 53.Rh8+ Kd7 54.Rh7+ Kc8 55.Rh8+ Kb7 56.Rh7+ Ka6 57.f4 Bc5+ 58.Kf3 Rf2+  0-1

[Event "1st League TCh-SCG w"]
[Site "Budva SCG"]
[Date "2003.08.30"]
[Round "2"]
[White "Maric,A"]
[Black "Zozulia,A"]
[Result "1/2-1/2"]
[WhiteElo "2433"]
[BlackElo "2342"]

1.d4 Nf6 2.Nf3 g6 3.c4 Bg7 4.Nc3 O-O 5.e4 d6 6.Be2 e5 7.Be3 Ng4 8.Bg5 f6
9.Bc1 exd4 10.Nxd4 f5 11.O-O fxe4 12.Bxg4 Bxg4 13.Qxg4 Bxd4 14.Qxe4 Nc6 15.Be3 Bxe3
16.Qxe3 Qh4 17.f4 Rae8 18.Qf3 Rf7 19.Rad1 Qf6 20.Rd2 Nd4 21.Qd5 Ne6 22.g3 Qf5
23.Qxf5 gxf5 24.Re1 Kg7 25.Rde2  1/2-1/2

[Event "V Open"]
[Site "Sants ESP"]
[Date "2003.08.31"]
[Round "2"]
[White "Peralta,F"]
[Black "Llobet Reus,J"]
[Result "1-0"]
[WhiteElo "2505"]
[BlackElo "2089"]

1.Nf3 Nf6 2.c4 g6 3.Nc3 Bg7 4.e4 d6 5.d4 O-O 6.Be3 e5 7.Be2 Nc6 8.d5 Ne7
9.Nd2 Nd7 10.b4 f5 11.f3 f4 12.Bf2 Nf6 13.c5 g5 14.Nc4 Ne8 15.a4 Rf6 16.a5 Rg6
17.cxd6 cxd6 18.Nb5 a6 19.Bb6 Qd7 20.Na7 h5 21.h3 Nf6 22.Qb3 g4 23.hxg4 hxg4
24.O-O-O Ne8 25.Kb1 Nc7 26.Rc1 Nb5 27.Nxb5 Qxb5 28.Bc7 gxf3 29.gxf3 Bd7 30.Rh2  1-0

[Event "Acropolis WGM"]
[Site "Athens GRE"]
[Date "2003.09.01"]
[Round "8"]
[White "Sharevich,A"]
[Black "Kiseleva,N"]
[Result "0-1"]
[WhiteElo "2299"]
[BlackElo "2322"]

1.d4 Nf6 2.c4 g6 3.Nc3 Bg7 4.e4 d6 5.Be2 O-O 6.Nf3 e5 7.d5 a5 8.Bg5 h6 9.Bh4 Na6
10.Nd2 Qe8 11.O-O Nh7 12.a3 Bd7 13.b3 h5 14.f3 Bh6 15.Bf2 Qe7 16.Qc2 Bg5
17.Rfd1 h4 18.Nf1 Nf6 19.g4 hxg3 20.hxg3 Nh5 21.Nh2 Kg7 22.Bf1 Rh8 23.Ne2 Rh7
24.Bg2 Rah8 25.Nf1 Qd8 26.Qc3 Qc8 27.c5 Nxc5 28.Bxc5 dxc5 29.f4 Be7 30.fxe5 Bb5
31.e6+ Kf8 32.Ra2 fxe6 33.Qf3+ Rf7 34.Qg4 Bd7 35.Nf4 Nxf4 36.gxf4 exd5 37.Qg3 d4
38.b4 Bg4 39.Rc1 Qe6 40.Rac2 axb4 41.axb4 Bh4 42.Qd3 Rxf4 43.bxc5 Bf6 44.c6 b6
45.Ra1 Kg7 46.Ng3 Be5 47.Nf1 Qf6 48.Raa2 Qh4 49.Qb5 Qg5 50.Ng3 Qf6 51.Ra7 d3  0-1

[Event "1st League TCh-SCG"]
[Site "Budva SCG"]
[Date "2003.09.01"]
[Round "4"]
[White "Markus,R"]
[Black "Miljanic,B"]
[Result "1-0"]
[WhiteElo "2500"]
[BlackElo "2412"]

1.d4 Nf6 2.c4 g6 3.Nc3 Bg7 4.e4 d6 5.Nf3 O-O 6.Be2 e5 7.Be3 Ng4 8.Bg5 f6
9.Bh4 g5 10.Bg3 Nh6 11.d5 Nd7 12.Nd2 f5 13.exf5 Nf6 14.O-O Bxf5 15.f3 Nh5
16.Nde4 Bg6 17.Bf2 Nf4 18.Re1 Nxe2+ 19.Qxe2 Nf5 20.Rac1 c5 21.Rb1 Nd4 22.Qd2 h6
23.b4 b6 24.bxc5 bxc5 25.Rb7 Bh5 26.Bxd4 exd4 27.Nb5 a6 28.Nc7 Qd7 29.Reb1 Qa4
30.Nxa8 Rxa8 31.Nxg5 Re8 32.Ne6 Bf7 33.Qf4  1-0

[Event "1st League TCh-SCG w"]
[Site "Budva SCG"]
[Date "2003.09.01"]
[Round "4"]
[White "Todorovic,V"]
[Black "Zelenaya Azaric,G"]
[Result "0-1"]
[WhiteElo "2125"]
[BlackElo "2121"]

1.Nf3 Nf6 2.c4 g6 3.Nc3 Bg7 4.e4 d6 5.d4 O-O 6.Be2 e5 7.O-O Na6 8.Be3 Ng4
9.Bg5 Qe8 10.h3 f6 11.Bc1 Nh6 12.dxe5 dxe5 13.Qc2 c6 14.a3 Nf7 15.b4 f5 16.c5 f4
17.Nd2 Qe7 18.Nc4 Nc7 19.a4 Ne6 20.Qa2 Kh8 21.b5 Nd4 22.Bg4 f3 23.g3 Bxg4
24.hxg4 Qe6 25.Ne3 Qd7 26.Rd1 Nh6 27.Qc4 Nxg4 28.Qf1 Nxe3 29.Bxe3 Qg4 30.Ra2 g5
31.bxc6 bxc6 32.Rb2 Qh5 33.Rdb1 Rf6 34.Rb8+ Rxb8 35.Rxb8+ Bf8 36.Bxd4 exd4
37.Qd3 Qh3 38.Rxf8+ Rxf8 39.Qxd4+ Kg8 40.Qc4+ Kg7 41.Qf1 Qxf1+ 42.Kxf1 Rb8
43.Ke1 Rb3 44.Kd2 Rb2+ 45.Ke3 Rc2 46.Nb1 g4 47.Nd2 Rxc5 48.Kd4 Rc2 49.Kd3 Ra2  0-1

[Event "It"]
[Site "Sharjah UAE"]
[Date "2003.09.01"]
[Round "7"]
[White "Kadimova,I"]
[Black "Abdul,Maj"]
[Result "1-0"]
[WhiteElo "2345"]
[BlackElo "2245"]

1.d4 Nf6 2.c4 g6 3.Nf3 Bg7 4.Nc3 O-O 5.e4 d6 6.Be2 e5 7.Be3 c6 8.d5 Na6 9.Nd2 Ne8
10.f3 Bh6 11.Bf2 c5 12.a3 f5 13.Rb1 Nf6 14.b4 b6 15.Bd3 Nh5 16.g3 Rf7 17.Qe2 Nf6
18.Bc2 Qf8 19.h3 Bd7 20.Kf1 fxe4 21.Ndxe4 Nxe4 22.Bxe4 Qe7 23.Kg2 Raf8 24.Rb3 Bf5
25.Rhb1 Bc8 26.Qd3 Qd7 27.Rh1 Bg5 28.h4 Bd8 29.Be3 Bf6 30.Nd1 Bg7 31.h5 Bf6
32.hxg6 Rg7 33.Bh6  1-0

[Event "1st League TCh-SCG"]
[Site "Budva SCG"]
[Date "2003.09.02"]
[Round "5"]
[White "Markus,R"]
[Black "Djukic,Ni"]
[Result "1/2-1/2"]
[WhiteElo "2500"]
[BlackElo "2396"]

1.d4 Nf6 2.c4 g6 3.Nc3 Bg7 4.e4 d6 5.Nf3 O-O 6.Be2 e5 7.Be3 Na6 8.O-O Ng4
9.Bg5 Qe8 10.h3 h6 11.Bc1 Nf6 12.Bd3 Nh5 13.Re1 exd4 14.Nb5 Qd8 15.Nbxd4 Re8
16.Rb1 Nc5 17.b4 Nxd3 18.Qxd3 a5 19.b5 Nf6 20.Bf4 Nd7 21.Qc2 Kh7 22.Bg3 Qe7
23.Nf5 Qf8 24.Nxg7 Qxg7 25.b6 Nxb6 26.c5 dxc5 27.Qxc5 f5 28.Qxc7 Qxc7 29.Bxc7 Na4
30.exf5 Bxf5 31.Rxb7 Rxe1+ 32.Nxe1 Be4 33.Rb5 Re8 34.Bxa5 Bc6 35.Rb1 Ra8
36.Bb4 Nb6 37.Rc1 Nd5 38.a3 Bb7 39.Nd3 g5 40.Nc5 Nf4 41.Rc4 Bd5 42.Rc2 Bxg2
43.Ne6 Bxh3 44.Nxf4 gxf4 45.Rc4 f3 46.Kh2 Be6 47.Rc7+ Kg6 48.Kg3 Bd5 49.Rd7 Be6
50.Rd6 Kf5 51.Kxf3 h5 52.Rd4 Ke5 53.Re4+ Kd5 54.Rf4 Rg8 55.Be7 Bg4+ 56.Kg3 Ke6
57.Bh4 Be2+ 58.Kh2 Rg4 59.Bg3 Rxf4 60.Bxf4 Kd5 61.a4 Kc6 62.Kg3 Kb7 63.Bd2 Ka6
64.Kh4 Kb7 65.f4 Bg4  1/2-1/2

[Event "European GP"]
[Site "Izmir TUR"]
[Date "2003.09.02"]
[Round "8"]
[White "Asanbekov,U"]
[Black "Reyhan,D"]
[Result "0-1"]
[WhiteElo "2063"]
[BlackElo "2191"]

1.Nf3 Nf6 2.c4 g6 3.Nc3 Bg7 4.e4 d6 5.d4 O-O 6.Be2 e5 7.O-O exd4 8.Nxd4 Re8
9.f3 Nc6 10.Be3 Nh5 11.f4 Nf6 12.Bf3 Nxd4 13.Bxd4 c6 14.Rc1 Qc7 15.Kh1 Be6
16.b3 Rad8 17.g4 Bc8 18.g5 Nd7 19.Bxg7 Kxg7 20.Qd4+ Kf8 21.Qxa7 Nc5 22.Rcd1 Bh3
23.Qa3 Bxf1 24.Rxf1 Nd3 25.Be2 Ra8 26.Na4 Nc5 27.e5 Ne4  0-1

[Event "ch-IRI"]
[Site "Mashad IRI"]
[Date "2003.09.02"]
[Round "11"]
[White "Ardeshi,M"]
[Black "Pirmaleki,S"]
[Result "1/2-1/2"]
[WhiteElo "2339"]
[BlackElo "2142"]

1.d4 Nf6 2.Nf3 g6 3.c4 Bg7 4.Nc3 O-O 5.e4 d6 6.Be2 e5 7.O-O Nbd7 8.Be3 exd4
9.Nxd4 Nc5 10.f3 Ne6 11.Qd2 Nh5 12.Rfe1 Be5 13.g3 Nhg7 14.f4 Bxd4 15.Bxd4 Nxd4
16.Qxd4 Ne6 17.Qf2 c5 18.Bd3 b6 19.Nd5 Nd4 20.e5 Bb7 21.Be4 Bxd5 22.Bxd5 Rb8
23.Re4 b5 24.exd6 Qxd6 25.Rae1 bxc4 26.Bxc4 Qf6 27.b3 Rbd8 28.Bf1 Rd7 29.Rc1 Re7
30.Rxe7 Qxe7 31.Kh1 Re8 32.Bg2 Qd6 33.Re1 Qd7 34.h3 h5 35.Kh2 Kg7 36.Rxe8 Qxe8
37.b4 Qb5 38.bxc5 Qxc5 39.Qb2 Qd6 40.h4 Qc5 41.a4 a5 42.Kh3 Kh7 43.Qb7 Qf5+
44.Kh2 Kg7 45.Qd5 Qxd5 46.Bxd5 f6 47.Kg2 g5 48.hxg5 fxg5 49.fxg5 Kg6 50.Kf2 Kxg5
51.Ke3 Nf5+ 52.Kf3 Nd6 53.Be6 Nb7 54.Bd5 Nc5 55.Bc6 h4 56.gxh4+  1/2-1/2

[Event "VII Pablo Gorbea"]
[Site "Madrid ESP"]
[Date "2003.09.03"]
[Round "3"]
[White "Ballesteros,D"]
[Black "Paragua,M"]
[Result "0-1"]
[WhiteElo "2275"]
[BlackElo "2500"]

1.d4 Nf6 2.c4 g6 3.Nc3 Bg7 4.e4 d6 5.Nf3 O-O 6.Be2 e5 7.d5 a5 8.a3 Bd7 9.h3 Na6
10.Be3 Kh8 11.Qc2 Nh5 12.O-O Nf4 13.Rae1 Nxe2+ 14.Rxe2 f5 15.Bg5 Qe8 16.Ne1 f4
17.f3 h6 18.Bh4 g5 19.Bf2 h5 20.Qd3 g4 21.hxg4 hxg4 22.fxg4 Bxg4 23.Nf3 Qh5
24.Rc2 Rf6 25.Rb1 Rh6 26.Kf1 Qh1+ 27.Bg1 Bf6 28.b4 Rg8 29.Kf2 Bxf3  0-1

[Event "VII Pablo Gorbea"]
[Site "Madrid ESP"]
[Date "2003.09.03"]
[Round "3"]
[White "Gustafsson,J"]
[Black "Perez Gonzalez,J"]
[Result "1-0"]
[WhiteElo "2570"]
[BlackElo "2308"]

1.d4 g6 2.e4 d6 3.c4 Bg7 4.Nf3 Nf6 5.Nc3 O-O 6.Be2 e5 7.Be3 Nc6 8.d5 Ne7
9.Nd2 Nd7 10.b4 f5 11.f3 a5 12.a3 axb4 13.axb4 Rxa1 14.Qxa1 Nf6 15.Qa8 Kh8
16.c5 Neg8 17.Nc4 fxe4 18.fxe4 Ng4 19.Bxg4 Qh4+ 20.g3 Qxg4 21.Qa2 Bh6 22.Qe2 Qh3
23.Bxh6 Qxh6 24.Kd1 Qh3 25.Kc2 Nf6 26.cxd6 Ng4 27.Kb3 Rf2 28.Qd3 cxd6 29.Ra1 Nxh2
30.Nxd6 Rf3 31.Qc4 Bd7 32.Qc7 Rf8 33.Rh1 Bg4 34.Qe7 Rf3 35.Qxe5+ Kg8 36.Ra1 Rf8
37.Ne8 Qh6 38.Nf6+ Kf7 39.Nxg4 Nxg4 40.Rf1+  1-0